000 00275nam a22001337a 4500
008 170919b xxu||||| |||| 00| 0 eng d
020 _a0874512417
041 _aeng
080 _a7
100 _a44
101 _aART
245 _aBLAKE'S JOB
_cDAMON,S.F
942 _2udc
_cBK
999 _c28241
_d28241